LEADER 01750nlm 2200265 n 450 001 996403446703316 005 20210303124022.0 100 $a19831027d1668---- uy 101 0 $aeng 135 $adrcnu 200 1 $a<> Isle of Pines, or, A late discovery of a fourth island near Terra Australis, Incognita by Henry Cornelius van Sloetten$eWherein is contained. A true relation of certain English persons, who in Queen Elizabeths time, making a voyage to the East Indies were cast away, and wracked near to the coast of Terra Australis, Incognita, and all drowned, except one man and four women. And now lately Anno Dom. 1667. a Dutch ship making a voyage to the East Indies, driven by foul weather there, by chance have found their posterity, (speaking good English) to amount (as they suppose) to ten or twelve thousand persons. The whole relation .. is here annexed with the longitude and latitude of the island, the scituation and felicity thereof, with other matter observable. Licensed July 27. 1668 210 1 $aLondon$cPrinted for Allen Banks and Charles Harper next door to the three Squerrills in Fleet-street, over against St. Dunstans Church$d1668 215 $aTesto elettronico (PDF) (1 p.) 230 $aBase dati testuale 300 $aFrammento della sola pagina del titolo 300 $aRiproduzione dell'originale nella British Library. 606 0 $aIsola dei Pini, Nuova Caledonia$2BNCF 676 $a919.4 700 1$aNEVILLE,$bHenry$f1620-1694.$0790969 801 0$bcba$aIT$bcba$gREICAT 912 $a996403446703316 959 $aEB 969 $aER 996 $aIsle of Pines, or, A late discovery of a fourth island near Terra Australis, Incognita by Henry Cornelius van Sloetten$91767171 997 $aUNISA LEADER 01066nam0 22002771i 450 001 UON00275530 005 20231205103813.910 100 $a20060405d1964 |0itac50 ba 101 $afre 102 $aCA 105 $a|||| ||||| 200 1 $aˆLe ‰p'tit train$fBenoît Lacroix$gillustrations de François Gagnon 210 $aMontréal: Beauchemin$d1964 215 $a74 p.$cill.$d21 cm. 316 $adono di Giselle Huot$5IT-UONSI FrancC840/0013 bis 620 $aCA$dMontréal$3UONL000242 676 $aC843$cNarrativa francese del Canada$v21 700 1$aLACROIX$bBenoît$3UONV115590$0392621 702 1$aGAGNON$bFrançois$3UONV159789 712 $aBeauchemin$3UONV265699$4650 801 $aIT$bSOL$c20240220$gRICA 899 $aSIBA - SISTEMA BIBLIOTECARIO DI ATENEO$2UONSI 912 $aUON00275530 950 $aSIBA - SISTEMA BIBLIOTECARIO DI ATENEO$dSI Franc C 840 0013 bis $eSI DA 1091 5 0013 bis dono di Giselle Huot$sBuono 996 $aP'tit train$91244208 997 $aUNIOR